000 00189 a2200085 4500
020 _a9781864706598
100 _a Angus Bruce
245 _aPocket Park Design
260 _b Images Shenyang
_c2018
999 _c13295
_d13295